[Event "51. Miedzynarodowy Festiwal Szachowy im. Akiby Rubinsteina - OPEN B"]
[Site "Polanica-Zdroj"]
[Date "1899-12-30"]
[Round "5.12"]
[White "Sujkowski, Pawel"]
[Black "Luba, Lukasz"]
[Result "1/2-1/2"]
[WhiteTitle "I++"]
[BlackTitle "I"]
[WhiteElo "1927"]
[BlackElo "2139"]

1. c4 g6 2. g3 Bg7 3. Bg2 Nf6 4. Nc3 e5 5. e4 d6 6. Nge2 Nc6 7. d3 O-O 8. O-O h6
9. h3 Kh7 10. Be3 Nh5 11. Qd2 Be6 12. Kh2 Qd7 13. Nd5 Nd4 14. Bxd4 exd4 15. Nef4
Nxf4 16. Nxf4 Rae8 17. Rae1 a6 18. h4 Qd8 19. Nxe6 fxe6 20. Bh3 e5 21. h5 g5 22.
Bf5+ Kh8 23. g4 c5 24. Rb1 Qc7 25. Kh3 Rb8 26. b4 b6 27. b5 a5 28. a4 Rf6 29.
Qe2 Rbf8 30. f3 Qe7 31. Kg2 1/2-1/2

[Event "51. Miedzynarodowy Festiwal Szachowy im. Akiby Rubinsteina - OPEN B"]
[Site "Polanica-Zdroj"]
[Date "1899-12-30"]
[Round "5.13"]
[White "Lukasiewicz, Krzysztof"]
[Black "Pultorak, Jan"]
[Result "0-1"]
[WhiteTitle "k"]
[BlackTitle "I+"]
[WhiteElo "2000"]
[BlackElo "2126"]

1. e4 c5 2. Nf3 d6 3. d4 cxd4 4. Nxd4 Nf6 5. Nc3 a6 6. Be2 e6 7. O-O Be7 8. f4
Qc7 9. a4 Nc6 10. Be3 O-O 11. Kh1 Re8 12. Qe1 Nxd4 13. Bxd4 e5 14. Be3 exf4 15.
Bxf4 Be6 16. Qg3 Nd7 17. Rad1 Ne5 18. Rf2 Rad8 19. Bh5 Qa5 20. Rdf1 Ng6 21. Bxg6
hxg6 22. Rd1 Bf6 23. Bxd6 Bxc3 24. bxc3 Qxa4 25. e5 Rc8 26. h3 Rc4 27. Rb1 Rec8
28. Rxb7 Rxc3 29. Qg5 Rxh3+ 30. gxh3 Qc6+ 31. Kh2 Qxb7 32. Qf4 Rc3 33. Qh4 Rxh3+
34. Qxh3 Bxh3 35. Kxh3 a5 36. Kh2 Qb2 37. Kg2 Qc3 38. Rf3 Qxc2+ 39. Kg3 a4 40.
Ra3 Kh7 41. Kf4 Qc4+ 42. Ke3 g5 43. Kf2 Kg6 44. Kg3 f6 45. exf6 gxf6 46. Kh2 Qd4
47. Bf8 Kf7 0-1

[Event "51. Miedzynarodowy Festiwal Szachowy im. Akiby Rubinsteina - OPEN B"]
[Site "Polanica-Zdroj"]
[Date "1899-12-30"]
[Round "5.14"]
[White "Kocwin, Bartosz"]
[Black "Zolnierowicz, Krzysztof"]
[Result "1-0"]
[WhiteTitle "FM"]
[BlackTitle "IM"]
[WhiteElo "2250"]
[BlackElo "2043"]

1. d4 d5 2. c4 e6 3. Nf3 c5 4. cxd5 exd5 5. Nc3 Nc6 6. e3 Nf6 7. Be2 cxd4 8. Nxd4
Bd6 9. O-O O-O 10. a3 Re8 11. Ncb5 Bb8 12. b4 a6 13. Nxc6 bxc6 14. Nd4 Qd6 15.
g3 Bh3 16. Re1 Ne4 17. Bf1 Qf6 18. Qf3 Bxf1 19. Qxf6 gxf6 20. Rxf1 Be5 21. Bb2
Nd2 22. Rfd1 Nc4 23. Bc3 Rec8 24. Rdc1 Kf8 25. Nf5 Bxc3 26. Rxc3 a5 27. Rd1 axb4
28. axb4 Re8 29. Nd4 Rec8 30. b5 c5 31. Nc6 Ra3 32. Rc2 Rb3 33. Rxd5 Rxb5 34.
Na7 Rb1+ 35. Kg2 Nxe3+ 36. fxe3 Rc7 37. Rd8+ Kg7 38. Ra8 c4 39. Nc8 c3 40. Nd6
Rc6 41. Nf5+ Rc7 1-0

[Event "51. Miedzynarodowy Festiwal Szachowy im. Akiby Rubinsteina - OPEN B"]
[Site "Polanica-Zdroj"]
[Date "1899-12-30"]
[Round "5.15"]
[White "Czuchnicki, Adam"]
[Black "Salakhova, Gulnara"]
[Result "0-1"]
[WhiteTitle "I+"]
[BlackTitle "WIM"]
[WhiteElo "2063"]
[BlackElo "2179"]

1. d4 d5 2. Nf3 Nf6 3. g3 Bf5 4. Bg2 e6 5. O-O c6 6. c4 Nbd7 7. Nc3 dxc4 8. a4
Ne4 9. Qc2 Nxg3 10. e4 Nxf1 11. exf5 Nxh2 12. Nxh2 exf5 13. Qxf5 Be7 14. d5 cxd5
15. Bxd5 O-O 16. Bxc4 Nb6 17. Bd3 g6 18. Qf3 Bg5 19. Kh1 Bxc1 20. Rxc1 Rc8 21.
Rd1 Qh4 22. Re1 Rfe8 23. Re4 Rxe4 24. Bxe4 Rc5 25. Qg3 Qxg3 26. fxg3 Nc4 27. b4
Rc8 28. Nb5 Ne3 29. Nf3 Rc4 30. Nd2 Rxb4 31. Bxb7 Rxa4 32. Kg1 Ra2 33. Nb3 a5
34. N3d4 h5 35. Nc3 Rb2 36. Bc6 Rd2 37. Nde2 Kg7 38. Kf2 Ng4+ 39. Ke1 Rd3 40.
Bb5 Re3 41. Kd2 Rf3 42. Bc6 Rf6 43. Ba4 Rd6+ 44. Ke1 f5 45. Bb3 Nf6 46. Bc2 Nd5
47. Nb5 Rb6 48. Ba4 Kf6 49. Kf2 Kg5 50. Ned4 Nf6 51. Kf3 h4 52. gxh4+ Kxh4 53.
Bc2 Nd5 54. Bb3 Ne7 55. Bc2 Kg5 56. Ba4 Kf6 57. Nb3 g5 58. Nc5 g4+ 59. Kg3 Kg5
60. Nd3 Nd5 0-1

[Event "51. Miedzynarodowy Festiwal Szachowy im. Akiby Rubinsteina - OPEN B"]
[Site "Polanica-Zdroj"]
[Date "1899-12-30"]
[Round "5.19"]
[White "Nowak, Lukasz"]
[Black "Koziol, Kamil"]
[Result "1-0"]
[WhiteTitle "k"]
[BlackTitle "k"]
[WhiteElo "2113"]
[BlackElo "2187"]

1. e4 e5 2. Nf3 Nc6 3. Bb5 Nf6 4. d3 d6 5. O-O Be7 6. c3 O-O 7. Re1 a6 8. Ba4 b5
9. Bc2 Re8 10. Nbd2 Bf8 11. Nf1 Bb7 12. Ng3 g6 13. d4 Bg7 14. h3 exd4 15. cxd4
Nb4 16. Bb1 c5 17. d5 a5 18. a3 Na6 19. a4 bxa4 20. Rxa4 Nb4 21. Bd2 Nd7 22. Bc3
Ne5 23. Nxe5 Bxe5 24. Bxe5 Rxe5 25. Ra3 Qc7 26. Qd2 Rae8 27. Rc1 f6 28. Qh6 Ra8
29. f4 Ree8 30. f5 Qg7 31. Qf4 Qe7 32. fxg6 hxg6 33. Nf5 Qe5 34. Qg4 g5 35. Qh5
Re7 36. Qg6+ Kh8 37. Nxe7 Qxe7 38. Rf3 Rf8 39. Rcf1 Ba6 40. R1f2 Qg7 41. Rxf6
Qxg6 42. Rxg6 Rxf2 43. Kxf2 Bd3 44. Bxd3 Nxd3+ 45. Ke3 Nxb2 46. Kd2 a4 47. Kc2
Nc4 48. Rxg5 a3 49. Kb3 Nd2+ 50. Kxa3 Nxe4 51. Rg6 Kh7 52. Re6 Nc3 53. Kb3 Nxd5
54. Rxd6 Nf4 55. Rd2 Kg6 56. Kc4 Kg5 57. Kxc5 Kh4 58. Rd4 Kg3 59. Rxf4 1-0

[Event "51. Miedzynarodowy Festiwal Szachowy im. Akiby Rubinsteina - OPEN B"]
[Site "Polanica-Zdroj"]
[Date "1899-12-30"]
[Round "6.1"]
[White "Antoniewski, Rafal"]
[Black "Malaniuk, Vladimir P"]
[Result "1/2-1/2"]
[WhiteTitle "GM"]
[BlackTitle "GM"]
[WhiteElo "2531"]
[BlackElo "2485"]

1. d4 f5 2. Nc3 Nf6 3. Bg5 d5 4. e3 e6 5. Nf3 Be7 6. Bd3 O-O 7. O-O Ne4 8. Bxe7
Qxe7 9. Ne2 Nd6 10. Rc1 b6 11. c4 dxc4 12. Bxc4 Nxc4 13. Rxc4 c5 14. dxc5 bxc5
15. Rc2 Nc6 16. Rd2 Nb4 17. a3 Nd5 18. Qa4 Bb7 19. Rfd1 Rfc8 20. Ne5 Qc7 21. Nc4
a5 22. Qc2 a4 23. e4 fxe4 24. Qxe4 Re8 25. Qh4 Rf8 26. Qg3 Qxg3 27. hxg3 Ba6 28.
Ne5 Rfc8 29. Nf4 Nxf4 30. gxf4 Bb7 31. Nd7 Rc6 32. Nxc5 Rxc5 33. Rd8+ Rxd8 34.
Rxd8+ Kf7 35. Rd7+ Kf6 36. Rxb7 Rc1+ 37. Kh2 h5 38. Kg3 Rc2 39. Kf3 h4 40. Rb5
Rd2 41. Ra5 Rxb2 42. Rxa4 Rb3+ 43. Kg4 Rb2 44. g3 hxg3 45. fxg3 Rb3 46. Ra6 Rc3
47. a4 Rc4 48. a5 Ra4 49. Ra8 Ra3 50. a6 Kg6 51. a7 Kf7 52. Kh4 Ra1 53. g4 Ra4
54. Kg3 Ra3+ 55. Kf2 Ra1 56. f5 exf5 57. gxf5 Ra3 58. f6 Ra1 59. Ke3 Ra4 60. Kd3
Ra6 61. Kc4 Ra1 62. Kb3 Ra6 63. Kb2 Ra5 64. fxg7 Kxg7 65. Kb3 Ra1 1/2-1/2

[Event "51. Miedzynarodowy Festiwal Szachowy im. Akiby Rubinsteina - OPEN B"]
[Site "Polanica-Zdroj"]
[Date "1899-12-30"]
[Round "6.2"]
[White "Kowalczyk, Pawel"]
[Black "Sergeev, Vladimir"]
[Result "0-1"]
[WhiteTitle "I++"]
[BlackTitle "GM"]
[WhiteElo "2352"]
[BlackElo "2452"]

1. d4 d6 2. c4 e5 3. d5 f5 4. Nc3 Nf6 5. g3 g6 6. Bg2 Bg7 7. Nf3 O-O 8. e4 f4 9.
gxf4 exf4 10. Qe2 Ng4 11. Bd2 Nd7 12. O-O-O Nge5 13. h4 Nxf3 14. Bxf3 Ne5 15.
Rdg1 Kh8 16. Nb1 b5 17. cxb5 a6 18. Bc3 axb5 19. a3 Ba6 20. b4 c5 21. h5 g5 22.
h6 Bf6 23. Bxe5 Bxe5 24. Rh5 cxb4 25. axb4 Qb6 26. Qd2 Rac8+ 27. Kd1 Rc4 28. Be2
Qxf2 29. Rhxg5 Rd4 30. Bd3 Qf3+ 31. Kc2 Rc8+ 32. Nc3 Rxd3 0-1

[Event "51. Miedzynarodowy Festiwal Szachowy im. Akiby Rubinsteina - OPEN B"]
[Site "Polanica-Zdroj"]
[Date "1899-12-30"]
[Round "6.3"]
[White "Nasuta, Grzegorz"]
[Black "Dubinski, Mateusz"]
[Result "1/2-1/2"]
[WhiteTitle "FM"]
[BlackTitle "CM"]
[WhiteElo "2372"]
[BlackElo "2207"]

1. e4 e5 2. Nf3 Nc6 3. Bb5 a6 4. Ba4 Nf6 5. O-O b5 6. Bb3 Bc5 7. a4 Rb8 8. c3 d6
9. d4 Bb6 10. a5 Ba7 11. h3 O-O 12. Be3 Ra8 13. Nbd2 h6 14. dxe5 Nxe5 15. Nxe5
dxe5 16. Qe2 Qe7 17. Rfd1 c5 18. Nf1 c4 19. Bc2 Be6 20. Bxa7 Qxa7 21. Qd2 Qb8
22. Qe3 Rd8 23. Qc5 Nd7 24. Qe7 Re8 25. Qd6 Qxd6 26. Rxd6 Kf8 27. Rad1 Ke7 28.
Ne3 Nf6 29. Rb6 Reb8 30. Rc6 Rc8 31. Rb6 1/2-1/2

[Event "51. Miedzynarodowy Festiwal Szachowy im. Akiby Rubinsteina - OPEN B"]
[Site "Polanica-Zdroj"]
[Date "1899-12-30"]
[Round "6.4"]
[White "Sabuk, Piotr"]
[Black "Nowak, Kamil"]
[Result "1-0"]
[WhiteTitle "k+"]
[BlackTitle "I+"]
[WhiteElo "2340"]
[BlackElo "2133"]

1. e4 c5 2. Nf3 d6 3. d4 cxd4 4. Nxd4 Nf6 5. Nc3 e6 6. Be2 Be7 7. O-O O-O 8. f4
Nc6 9. Kh1 Bd7 10. Ndb5 Qb8 11. a4 a6 12. Na3 Nb4 13. Nc4 Qc7 14. Be3 d5 15. Nb6
Rad8 16. exd5 Bc5 17. Bxc5 Qxc5 18. a5 Bc6 19. Nca4 Bxa4 20. Nxa4 Qxd5 21. Qxd5
Rxd5 22. c3 Nc2 23. Ra2 Ne3 24. Re1 Rd2 25. Bf3 Nfd5 26. Raa1 Rd8 27. Rac1 Nc4
28. b4 Nxf4 29. Nc5 Nd3 30. Nxd3 R8xd3 31. Bxb7 Rd6 32. Ra1 Ne3 33. Rxe3 Rd1+
34. Re1 1-0

[Event "51. Miedzynarodowy Festiwal Szachowy im. Akiby Rubinsteina - OPEN B"]
[Site "Polanica-Zdroj"]
[Date "1899-12-30"]
[Round "6.5"]
[White "Rozycki, Bartlomiej"]
[Black "Swicarz, Maciej"]
[Result "1-0"]
[WhiteTitle "k++"]
[BlackTitle "m"]
[WhiteElo "2169"]
[BlackElo "2300"]

1. e4 c6 2. d4 d5 3. Nc3 a6 4. Bd3 Nf6 5. e5 Ng8 6. Nf3 Bg4 7. O-O e6 8. h3 Bxf3
9. Qxf3 c5 10. dxc5 Qh4 11. g3 Qxh3 12. Nxd5 exd5 13. Bf5 Qxf1+ 14. Kxf1 Ne7 15.
Qb3 Ra7 16. Qb6 Nbc6 17. Bh3 Ng6 18. Qc7 Be7 19. Bd7+ Kf8 20. Bxc6 1-0

[Event "51. Miedzynarodowy Festiwal Szachowy im. Akiby Rubinsteina - OPEN B"]
[Site "Polanica-Zdroj"]
[Date "1899-12-30"]
[Round "6.6"]
[White "Leks, Maria"]
[Black "Kanicki, Krzysztof"]
[Result "0-1"]
[WhiteTitle "WCM"]
[BlackTitle "k"]
[WhiteElo "2101"]
[BlackElo "2205"]

1. e4 c5 2. Nf3 Nc6 3. d4 cxd4 4. Nxd4 Nf6 5. Nc3 d6 6. Bg5 Bd7 7. Qd2 Rc8 8. O-O-O
Nxd4 9. Qxd4 Qa5 10. Be3 a6 11. Kb1 e5 12. Qd2 Be6 13. f3 h5 14. Bd3 Be7 15. Rhg1
b5 16. Nd5 Qxd2 17. Nxf6+ Bxf6 18. Bxd2 O-O 19. g4 hxg4 20. fxg4 g5 21. h4 gxh4
22. g5 Bg7 23. Bb4 Rfd8 24. Be2 d5 25. Ba5 Rd7 26. Bg4 h3 27. exd5 Bxg4 28. Rxg4
Rc5 29. d6 Rc4 30. Rxc4 bxc4 31. Bc7 Bf8 32. c3 Kg7 33. Rh1 Bxd6 34. Bxd6 Rxd6
35. Rxh3 Rd1+ 36. Kc2 Rg1 37. Rh6 Rxg5 38. Rxa6 Rg2+ 39. Kc1 e4 40. Rc6 e3 41.
Kd1 f5 42. Rxc4 Kf6 43. a4 Rxb2 44. a5 Ra2 45. a6 Ke5 46. a7 f4 47. Rc7 Ke4 48.
Rh7 Kd3 49. Rd7+ Kxc3 50. Rd8 Rxa7 51. Ke2 Ra2+ 52. Kf3 Rf2+ 53. Kg4 e2 54. Re8
Kd2 55. Rd8+ Ke1 0-1

[Event "51. Miedzynarodowy Festiwal Szachowy im. Akiby Rubinsteina - OPEN B"]
[Site "Polanica-Zdroj"]
[Date "1899-12-30"]
[Round "6.7"]
[White "Pultorak, Jan"]
[Black "Widla, Piotr"]
[Result "1/2-1/2"]
[WhiteTitle "I+"]
[BlackTitle "I++"]
[WhiteElo "2126"]
[BlackElo "2009"]

1. d4 Nf6 2. c4 c5 3. d5 e6 4. Nc3 exd5 5. cxd5 Bd6 6. Nf3 O-O 7. Bg5 Re8 8. e3
Bc7 9. d6 Ba5 10. Bc4 Bxc3+ 11. bxc3 Nc6 12. O-O b6 13. Bd5 Bb7 14. e4 h6 15.
Bxf6 Qxf6 16. e5 Qf5 17. Re1 Na5 18. Bxb7 Nxb7 19. Qd5 Na5 20. Nh4 Qe6 21. Qe4
Qc4 22. Nf5 Qxe4 23. Rxe4 Nc6 24. Rae1 Re6 25. f4 Rae8 26. R4e3 Kh7 27. Kf2 Rf8
28. Rh3 f6 29. exf6 Rexf6 30. g4 b5 31. Re4 Re6 32. Ke3 Rfe8 33. Rxe6 Rxe6+ 34.
Kd3 Kg8 35. Re3 c4+ 36. Kd2 Kf7 37. Rxe6 dxe6 38. Ng3 Ke8 39. Nh5 Kd7 40. Nxg7
Kxd6 41. Ne8+ Ke7 42. Nc7 b4 43. cxb4 Nxb4 1/2-1/2

[Event "51. Miedzynarodowy Festiwal Szachowy im. Akiby Rubinsteina - OPEN B"]
[Site "Polanica-Zdroj"]
[Date "1899-12-30"]
[Round "6.8"]
[White "Oglaza, Oskar"]
[Black "Stoma, Pawel"]
[Result "1/2-1/2"]
[WhiteTitle "I+"]
[BlackTitle "m"]
[WhiteElo "2020"]
[BlackElo "2346"]

1. e4 c5 2. Nf3 e6 3. d4 cxd4 4. Nxd4 Nf6 5. Nc3 Nc6 6. Ndb5 Bb4 7. a3 Bxc3+ 8.
Nxc3 d5 9. exd5 exd5 10. Bd3 O-O 11. O-O d4 12. Ne2 Qd5 13. Ng3 Re8 14. Bf4 h6
15. b3 Bg4 16. f3 Be6 17. Re1 Rad8 18. Re2 b5 19. a4 a6 20. Qe1 Bc8 21. Ne4 Nxe4
22. Rxe4 Bd7 23. Qg3 Qh5 24. axb5 axb5 25. Rae1 Rxe4 26. Bxe4 Re8 27. Bxc6 Rxe1+
28. Qxe1 Bxc6 29. Qd2 Qc5 30. b4 Qa7 31. Bd6 d3+ 32. Bc5 Qa1+ 33. Kf2 dxc2 34.
Qxc2 Qf6 35. Kg1 Bd5 36. h3 Qa1+ 37. Kh2 Qe5+ 38. Kg1 Qe1+ 39. Kh2 Qe5+ 40. Kg1
Qg5 41. Qf2 Be6 42. Kh2 Qf5 43. Qg3 Kh7 44. Qd6 h5 45. Qd4 Bc4 46. Bd6 Bd3 47.
Qe5 Qg6 48. Qg3 Qe6 49. Qe5 Qg6 1/2-1/2

[Event "51. Miedzynarodowy Festiwal Szachowy im. Akiby Rubinsteina - OPEN B"]
[Site "Polanica-Zdroj"]
[Date "1899-12-30"]
[Round "6.9"]
[White "Mazalon, Mariusz"]
[Black "Kocwin, Bartosz"]
[Result "1-0"]
[WhiteTitle "k"]
[BlackTitle "FM"]
[WhiteElo "2040"]
[BlackElo "2250"]

1. d4 Nf6 2. Nf3 e6 3. c4 d5 4. Nc3 Be7 5. Bg5 O-O 6. e3 Nbd7 7. Qc2 c6 8. Be2
h6 9. Bf4 Nh5 10. O-O Nxf4 11. exf4 dxc4 12. Bxc4 b5 13. Bb3 Ba6 14. Rfd1 Qc7
15. d5 Nc5 16. dxe6 Qxf4 17. exf7+ Kh8 18. Rd4 Qc7 19. Qg6 Nxb3 20. axb3 Bf6 21.
Rxa6 Bxd4 22. Nxd4 Qxf7 23. Qxf7 Rxf7 24. Nxc6 Rd7 25. g3 Rd2 26. Rxa7 Rf8 27.
f4 Rxb2 28. Nxb5 Rxb3 29. Nbd4 Rb2 30. Re7 Rc8 31. Re1 Rb6 32. Ne5 Kh7 33. Re2
Re8 34. Kf2 Rd6 35. Ndf3 Rd1 36. g4 Ra1 37. Rb2 Ra7 38. h4 Rc8 39. h5 Rca8 40.
Kg3 Ra2 41. Rxa2 Rxa2 42. g5 hxg5 43. fxg5 Ra4 44. Nd3 Re4 45. Nf4 Ra4 46. Kg4
Ra5 47. Nh4 Rb5 48. Nf5 Rb4 49. g6+ Kg8 50. Kg5 Rb1 51. Ne6 Rg1+ 52. Kf4 Rf1+
53. Ke5 Re1+ 54. Kd6 Rd1+ 55. Ke7 Re1 56. Nfxg7 Rh1 57. Kf6 Rf1+ 58. Nf5 Rg1 59.
Ng5 Rf1 60. h6 1-0

[Event "51. Miedzynarodowy Festiwal Szachowy im. Akiby Rubinsteina - OPEN B"]
[Site "Polanica-Zdroj"]
[Date "1899-12-30"]
[Round "6.10"]
[White "Salakhova, Gulnara"]
[Black "Czachor, Radoslaw"]
[Result "1/2-1/2"]
[WhiteTitle "WIM"]
[BlackTitle "I++"]
[WhiteElo "2179"]
[BlackElo "1994"]

1. e4 e5 2. Nf3 Nc6 3. Bb5 a6 4. Ba4 Nf6 5. d3 Bc5 6. c3 d6 7. O-O O-O 8. Nbd2
Ba7 9. h3 Ne7 10. Nh4 Nd7 11. Qf3 Nc5 12. Bc2 b5 13. Nf5 Nxf5 14. exf5 Bb7 15.
Ne4 f6 16. b4 Nxe4 17. dxe4 c5 18. Be3 Qc7 19. Bb3+ c4 20. Bc2 Bxe3 21. Qxe3 Rfd8
22. Rfd1 d5 23. a4 dxe4 24. Bxe4 h6 25. Rxd8+ Rxd8 26. Qa7 Rd7 27. Bxb7 Qxb7 28.
Qc5 Rd5 29. Qe3 Rd3 30. Qc5 1/2-1/2

[Event "51. Miedzynarodowy Festiwal Szachowy im. Akiby Rubinsteina - OPEN B"]
[Site "Polanica-Zdroj"]
[Date "1899-12-30"]
[Round "6.11"]
[White "Domanski, Lukasz"]
[Black "Zochowski, Kacper"]
[Result "0-1"]
[WhiteTitle "I+"]
[BlackTitle "k"]
[WhiteElo "2002"]
[BlackElo "2154"]

1. e4 c5 2. c3 Qa5 3. Nf3 Nc6 4. Be2 Nf6 5. Qc2 d6 6. O-O Bg4 7. Rd1 Rc8 8. h3
Bd7 9. Na3 g6 10. d3 Bg7 11. Bf4 O-O 12. Qd2 Rfe8 13. Nc4 Qd8 14. e5 dxe5 15.
Ncxe5 Nxe5 16. Nxe5 Be6 17. d4 cxd4 18. cxd4 Qb6 19. Bh6 Bxh6 20. Qxh6 Qxb2 21.
Bf3 b6 22. Qe3 Qc3 23. Qf4 Qb4 24. Bc6 Rf8 25. a3 Qd6 26. Qf3 Bd5 27. Bxd5 Qxd5
28. Qd3 Rc7 29. Rac1 Rfc8 30. Rxc7 Rxc7 31. Re1 Kg7 32. Nf3 e6 33. Ne5 Qa2 34.
Qf3 Qb2 35. Rd1 b5 36. Kh2 a5 37. Nc6 b4 38. axb4 axb4 39. Ne5 Qc2 40. Qd3 b3
41. Qxc2 bxc2 42. Rc1 Nd5 43. Nd3 Rc3 44. Ne1 Nb4 45. Kg1 Rb3 0-1

[Event "51. Miedzynarodowy Festiwal Szachowy im. Akiby Rubinsteina - OPEN B"]
[Site "Polanica-Zdroj"]
[Date "1899-12-30"]
[Round "6.12"]
[White "Luba, Lukasz"]
[Black "Koziej, Maciej"]
[Result "1-0"]
[WhiteTitle "I"]
[BlackTitle "I++"]
[WhiteElo "2139"]
[BlackElo "1985"]

1. e3 Nf6 2. d4 d5 3. c4 c6 4. Nc3 a6 5. c5 Nbd7 6. b4 e5 7. Nf3 e4 8. Nd2 Be7
9. a4 O-O 10. Nb3 Ne8 11. Bd2 f5 12. Qc2 Nc7 13. O-O-O Ne6 14. f4 b6 15. Be2 a5
16. b5 bxc5 17. bxc6 Nf6 18. Nb5 c4 19. Nxa5 Rxa5 20. Bxa5 Qxa5 21. Bxc4 dxc4
22. Qxc4 Ng4 23. Rhe1 Nf2 24. d5 Nd3+ 25. Kb1 Nec5 26. Re2 Bf6 27. Ra2 Qb4+ 28.
Qxb4 Nxb4 29. Rc2 Nxc2 30. Kxc2 Nxa4 31. Kb3 Nc5+ 32. Kb4 Nd3+ 33. Ka5 Bd8+ 34.
c7 Bf6 35. Kb6 Kf7 36. g4 g6 37. g5 Bb2 38. h4 Bc1 39. Nd6+ Ke7 40. Nc4 Bd7 41.
h5 Ba4 42. Rh1 Bb3 43. hxg6 Bxc4 44. Kc6 Bxd5+ 45. Kxd5 Kd7 46. Rxh7+ Kc8 47.
g7 Re8 48. Rh8 1-0

[Event "51. Miedzynarodowy Festiwal Szachowy im. Akiby Rubinsteina - OPEN B"]
[Site "Polanica-Zdroj"]
[Date "1899-12-30"]
[Round "6.13"]
[White "Panas, Pawel"]
[Black "Kokoszczynski, Jan"]
[Result "1/2-1/2"]
[WhiteTitle "k"]
[BlackTitle "I++"]
[WhiteElo "2100"]
[BlackElo "1966"]

1. d4 Nf6 2. c4 e6 3. Nf3 Bb4+ 4. Bd2 Qe7 5. a3 Bxd2+ 6. Nbxd2 d6 7. e4 e5 8. Bd3
O-O 9. O-O c5 10. d5 Ne8 11. b4 b6 12. bxc5 dxc5 13. a4 a5 14. Rb1 Nd7 15. Qc2
Nd6 16. Rfe1 f6 17. Rb3 Ba6 18. Nf1 Kf7 19. Ng3 g6 20. Nd2 Ke8 21. Reb1 Rb8 22.
f3 Kd8 23. R3b2 Kc7 24. Nb3 Rb7 25. Qc3 Kb8 26. Nc1 Ka7 27. Nce2 Rbb8 28. Qc2
Rf7 29. Nc1 Rff8 30. Nce2 Qf7 31. Nc1 Rg8 32. Nb3 Rb7 33. Nc1 Rf8 34. Nb3 Rbb8
35. Nc1 f5 36. exf5 gxf5 37. Nb3 h5 38. Bf1 h4 39. Nh1 Rg8 40. Nf2 Rg7 41. Nh3
Rbg8 42. Qc3 Rb8 43. Rc1 Qg6 1/2-1/2

[Event "51. Miedzynarodowy Festiwal Szachowy im. Akiby Rubinsteina - OPEN B"]
[Site "Polanica-Zdroj"]
[Date "1899-12-30"]
[Round "6.14"]
[White "Zareba, Radoslaw"]
[Black "Sujkowski, Pawel"]
[Result "1/2-1/2"]
[WhiteTitle "I"]
[BlackTitle "I++"]
[WhiteElo "2071"]
[BlackElo "1927"]

1. Nc3 c5 2. e4 Nc6 3. Nf3 e5 4. Bc4 Be7 5. d3 Nf6 6. O-O O-O 7. h3 d6 8. Re1 Nd4
9. Nxd4 cxd4 10. Ne2 Be6 11. Bb3 a5 12. c3 dxc3 13. bxc3 d5 14. Ng3 dxe4 15. Bxe6
fxe6 16. Nxe4 Qd5 17. Be3 Rad8 18. Bb6 Rd7 19. Qa4 Bd8 20. Bxd8 Rdxd8 21. Ng5
h6 22. Nf3 Qxd3 23. Qb3 Nd5 24. c4 Nf4 25. Nxe5 Ne2+ 26. Kf1 Ng3+ 27. Kg1 Ne2+
28. Kf1 Ng3+ 29. Kg1 Ne2+ 1/2-1/2

[Event "51. Miedzynarodowy Festiwal Szachowy im. Akiby Rubinsteina - OPEN B"]
[Site "Polanica-Zdroj"]
[Date "1899-12-30"]
[Round "6.15"]
[White "Kulas, Szymon"]
[Black "Lukasiewicz, Krzysztof"]
[Result "0-1"]
[WhiteTitle "k"]
[BlackTitle "k"]
[WhiteElo "2266"]
[BlackElo "2000"]

1. e4 c6 2. d4 d5 3. Nc3 dxe4 4. Nxe4 Nd7 5. Bd3 Ngf6 6. Ng5 h6 7. Ne6 Qb6 8. Nxf8
Nxf8 9. Ne2 Ne6 10. b3 c5 11. Bb2 O-O 12. O-O Rd8 13. c3 cxd4 14. cxd4 Bd7 15.
Ba3 Nd5 16. Bc4 Bb5 17. Qd2 Qa6 18. Bxb5 Qxb5 19. Rfd1 Qa6 20. Qb2 Nec7 21. Rac1
Rd7 22. Rc2 b6 23. Qc1 Rad8 24. Bb2 Qxa2 25. Ba1 Qxb3 26. Rb2 Qa4 27. Rd3 Ne6
28. Rg3 Rc7 29. Qb1 Rdc8 30. h4 Ndf4 31. d5 Nxe2+ 32. Rxe2 Rc1+ 33. Re1 Rxb1 34.
Rxb1 Qe4 35. Rd1 Nf4 36. Rxg7+ Kf8 0-1

[Event "51. Miedzynarodowy Festiwal Szachowy im. Akiby Rubinsteina - OPEN B"]
[Site "Polanica-Zdroj"]
[Date "1899-12-30"]
[Round "6.19"]
[White "Wisniewski, Michal"]
[Black "Nowak, Lukasz"]
[Result "1/2-1/2"]
[WhiteTitle "k"]
[BlackTitle "k"]
[WhiteElo "2133"]
[BlackElo "2113"]

1. e4 e6 2. d4 d5 3. Nc3 Bb4 4. exd5 exd5 5. Bd3 c6 6. Nge2 Ne7 7. Ng3 O-O 8. O-O
Na6 9. Qh5 f5 10. Bg5 Nc7 11. Rfe1 g6 12. Qh6 Ne6 13. h4 Nxg5 14. hxg5 Bd7 15.
a3 Ba5 16. Nf1 Nc8 17. b4 Bc7 18. Ne2 Nd6 19. f4 Qe7 20. Qh4 a5 21. c3 Rfe8 22.
Qf2 Ne4 23. Qe3 Qg7 24. Bxe4 Rxe4 25. Qf3 Rae8 26. Nd2 Re3 27. Qf2 Qe7 28. Kf1
b6 29. Nf3 Qe4 30. Ne5 Bxe5 31. dxe5 1/2-1/2

[Event "51. Miedzynarodowy Festiwal Szachowy im. Akiby Rubinsteina - OPEN B"]
[Site "Polanica-Zdroj"]
[Date "1899-12-30"]
[Round "7.1"]
[White "Malaniuk, Vladimir P"]
[Black "Sabuk, Piotr"]
[Result "1/2-1/2"]
[WhiteTitle "GM"]
[BlackTitle "k+"]
[WhiteElo "2485"]
[BlackElo "2340"]

1. d4 d5 2. c4 e6 3. Nc3 Be7 4. Bf4 Nf6 5. e3 O-O 6. a3 b6 7. Nb5 Na6 8. Nf3 Bb7
9. Rc1 c5 10. Be2 cxd4 11. Nbxd4 Nc5 12. O-O Rc8 13. Ne5 dxc4 14. Nxc4 Nd5 15.
Be5 Qd7 16. b4 Ne4 17. Nf3 Rfd8 18. Qb3 Bf6 19. Bxf6 Ndxf6 20. Rfd1 Qc7 21. Rxd8+
Rxd8 22. Qb2 Rc8 23. Rf1 Bd5 24. Nfd2 Nxd2 25. Nxd2 Qc2 26. Qxc2 Rxc2 27. Rd1
Kf8 28. f3 e5 29. e4 Be6 30. Bd3 Ra2 31. Nc4 Nd7 32. Rc1 Ke7 33. Rc3 1/2-1/2

[Event "51. Miedzynarodowy Festiwal Szachowy im. Akiby Rubinsteina - OPEN B"]
[Site "Polanica-Zdroj"]
[Date "1899-12-30"]
[Round "7.2"]
[White "Sergeev, Vladimir"]
[Black "Rozycki, Bartlomiej"]
[Result "1-0"]
[WhiteTitle "GM"]
[BlackTitle "k++"]
[WhiteElo "2452"]
[BlackElo "2169"]

1. Nf3 Nf6 2. g3 e6 3. Bg2 d5 4. O-O Be7 5. d3 O-O 6. Nbd2 c5 7. e4 Nc6 8. Re1
Qc7 9. a3 b6 10. e5 Nd7 11. Qe2 f5 12. exf6 Nxf6 13. c4 Bd6 14. b3 Bd7 15. Bb2
Rae8 16. Ne5 d4 17. Nxd7 Qxd7 18. Ne4 Nxe4 19. Bxe4 Rf6 20. Rf1 Ne7 21. Bc1 Nf5
22. Bg5 Rf7 23. Bd2 a5 24. Rab1 Qe7 25. Qh5 Ref8 26. Rfe1 Re8 27. Re2 h6 28. Rbe1
Qf6 29. Bxf5 Qxf5 30. Qxf5 Rxf5 31. Rxe6 Rxe6 32. Rxe6 Bc7 33. Rc6 Bd8 34. Kg2
Kf7 35. b4 axb4 36. axb4 cxb4 37. Bxb4 b5 38. Rc5 Rxc5 39. Bxc5 bxc4 40. dxc4
d3 41. Kf3 Kf6 42. Ke3 Kf5 43. f3 g5 44. g4+ Ke5 45. Bd4+ 1-0

[Event "51. Miedzynarodowy Festiwal Szachowy im. Akiby Rubinsteina - OPEN B"]
[Site "Polanica-Zdroj"]
[Date "1899-12-30"]
[Round "7.3"]
[White "Dubinski, Mateusz"]
[Black "Antoniewski, Rafal"]
[Result "0-1"]
[WhiteTitle "CM"]
[BlackTitle "GM"]
[WhiteElo "2207"]
[BlackElo "2531"]

1. d4 Nf6 2. c4 c5 3. d5 e6 4. Nc3 exd5 5. cxd5 Bd6 6. Nf3 O-O 7. e4 Re8 8. Bd3
Bc7 9. O-O d6 10. h3 a6 11. a4 Nbd7 12. Bf4 Nf8 13. Bh2 Ng6 14. Nd2 Ne5 15. Bc2
Rb8 16. f4 Ng6 17. g4 b5 18. g5 Nd7 19. Qf3 c4 20. Rae1 Nc5 21. Kh1 bxa4 22. Nxc4
Rb4 23. Ne3 Rxb2 24. e5 Ba5 25. Bxg6 Bxc3 26. Bxh7+ Kxh7 27. Qh5+ Kg8 28. e6 Nxe6
29. dxe6 Bb7+ 30. Kg1 Rxe6 0-1

[Event "51. Miedzynarodowy Festiwal Szachowy im. Akiby Rubinsteina - OPEN B"]
[Site "Polanica-Zdroj"]
[Date "1899-12-30"]
[Round "7.4"]
[White "Kanicki, Krzysztof"]
[Black "Kowalczyk, Pawel"]
[Result "0-1"]
[WhiteTitle "k"]
[BlackTitle "I++"]
[WhiteElo "2205"]
[BlackElo "2352"]

1. e4 a6 2. d4 b5 3. Nf3 Bb7 4. Bd3 e6 5. O-O c5 6. c3 Nf6 7. Qe2 Be7 8. a4 cxd4
9. cxd4 b4 10. Nbd2 d5 11. e5 Nfd7 12. a5 Nc6 13. Nb3 O-O 14. Bc2 Re8 15. Qd3
Nf8 16. Bf4 Rc8 17. Qd2 Rc7 18. Bg5 f6 19. exf6 gxf6 20. Bh6 e5 21. Rac1 e4 22.
Nh4 Bc8 23. Bf4 Bd6 24. f3 Bxf4 25. Qxf4 Ne6 26. Qd2 e3 27. Qxe3 Nexd4 28. Qd3
Ne2+ 29. Kh1 Nxc1 30. Rxc1 Ne5 31. Qd2 Qd6 32. Nf5 Bxf5 33. Bxf5 Rxc1+ 34. Qxc1
Nc4 35. h4 Qg3 0-1